000 00622nam a2200229Ia 4500
003 OSt
005 20220918174958.0
006 a|||||r|||| 00| 0
007 ta
008 220917b |||||||| |||| 00| 0 eng d
024 _a14,977
037 _cTextual
040 _aARTS
_cARTS
_beng
041 _2eng
_aeng
082 _aNA44, F7 (E0)
100 _aCoomaraswamy Ananda K.
245 0 _aHistory of Indian and Indonesian art
260 _aNew York
_bDover Publications
_c1965
650 _aARCHITECTURE
942 _hNA44, F7 (E0)
_cTEXL
_2CC
999 _c155434
_d155434